00841nam a2200253 a 4500001000400000003001000004005001700014008004100031020001800072040002500090080002400115090003400139100002700173245005600200250002600256260003200282300001900314504003600333650003100369650003300400942001200433952012900445999001300574718BR-CuiBMT20231114191311.0231114s2013 spb 001 0 por d a9788522475544 aBR-CuiBMTcBR-CuiBMT 22007a347.73:336.22 a347.73:336.22bH254dc22. ed.1 aHarada, Kiyoshid1941- aDireito financeiro e tributário /cKiyoshi Harada a22. ed., rev. e ampl. aSão Paulo:bAtlas,c2013. a824 p. c24 cm ainclui bibliografia e índice. aDireito financeirozBrasil aDireito tributáriozBrasil 2udccLV 00102udc4070aBIBTCEMTbBIBTCEMTd2013-04-02l0o347.73:336.22 H254dpBIBTCEMT23110569r2023-11-14tEx. 1w2023-11-14yLV c718d718